[Event "NRW-ch U16"]
[Site "Kranenburg"]
[Date "2007.04.12"]
[Round "5"]
[White "Fox, Jonas"]
[Black "Siccha, Nikolas"]
[Result "1-0"]
[WhiteElo "1995"]
[BlackElo "1688"]
[PlyCount "61"]
[EventDate "2007.04.09"]
[EventType "swiss"]
[EventRounds "7"]
[EventCountry "GER"]
[SourceTitle "EXT 2008"]
[Source "ChessBase"]
[SourceDate "2007.11.25"]
[SourceVersion "1"]
[SourceVersionDate "2007.11.25"]
[SourceQuality "1"]

1. e4 d5 2. exd5 Qxd5 3. Nf3 Nf6 4. d4 b6 5. Be2 Bb7 6. 0-0 e6 7. c4 Qd7 8. Nc3 Bd6 9. Qc2 h6 10. Ne5 Qe7 11. Bf3 c5 12. Qa4+ Kf8 13. Bxb7 Qxb7 14. Nb5 Bxe5 15. dxe5 Nfd7 16. Qd1 Nc6 17. f4 Rd8 18. Qh5 g6 19. Qh4 Kg7 20. Nd6 Qc7 21. g4 f6 22. Ne4 fxe5 23. f5 exf5 24. gxf5 Rdf8 25. f6+ Kf7 26. Bxh6 Ke8 27. f7+ Rxf7 28. Rxf7 Kxf7 29. Rf1+ Kg8 30. Qg5 Qc8 31. Qxg6# 1-0

[Event "NRW-ch U16"]
[Site "Kranenburg"]
[Date "2007.04.09"]
[Round "1"]
[White "Siccha, Nikolas"]
[Black "Mazarov, Juergen"]
[Result "0-1"]
[WhiteElo "1688"]
[BlackElo "2061"]
[PlyCount "120"]
[EventDate "2007.04.09"]
[EventType "swiss"]
[EventRounds "7"]
[EventCountry "GER"]
[SourceTitle "EXT 2008"]
[Source "ChessBase"]
[SourceDate "2007.11.25"]
[SourceVersion "1"]
[SourceVersionDate "2007.11.25"]
[SourceQuality "1"]

1. e4 c5 2. c3 Nf6 3. e5 Nd5 4. d4 cxd4 5. cxd4 e6 6. Nf3 d6 7. Bc4 Nb6 8. Bd3 Nc6 9. 0-0 dxe5 10. dxe5 Be7 11. Nc3 0-0 12. Be3 Nd5 13. Qc2 h6 14. Rad1 Nxe3 15. fxe3 Qb6 16. Qf2 a6 17. Bb1 Qc7 18. Qc2 g6 19. Qe4 b5 20. Qf4 Bg5 21. Nxg5 hxg5 22. Qxg5 Qxe5 23. Qxe5 Nxe5 24. Be4 Ra7 25. b4 Rc7 26. Ne2 Nc4 27. Rd3 Kg7 28. g4 Ne5 29. Rd4 Nxg4 30. Bxg6 f5 31. Bh5 Nxe3 32. Rf3 Nc4 33. Rg3+ Kf6 34. Rg6+ Ke5 35. h4 Rd7 36. Rxd7 Bxd7 37. Bf3 Nd2 38. Bb7 f4 39. Kf2 Ne4+ 40. Bxe4 Kxe4 41. h5 Rh8 42. h6 Kf5 43. Rg7 Be8 44. h7 e5 45. Rg8 Rxh7 46. Rxe8 Rh2+ 47. Kf1 f3 48. Nc3 Rc2 49. Rf8+ Kg4 50. Rg8+ Kf4 51. Rf8+ Ke3 52. Nd1+ Kd2 53. Rd8+ Kc1 54. Ke1 e4 55. Nf2 e3 56. Nd3+ Kb1 57. Rf8 f2+ 58. Kf1 Rd2 59. Nc5 Rd1+ 60. Ke2 Re1+ 0-1

[Event "NRW U18 op"]
[Site "Olpe"]
[Date "2005.10.04"]
[Round "7.12"]
[White "Siccha, Nikolas"]
[Black "Sammon, Matthew"]
[Result "0-1"]
[WhiteElo "1688"]
[BlackElo "1765"]
[PlyCount "92"]
[EventDate "2005.10.01"]
[EventType "swiss"]
[EventRounds "7"]
[EventCountry "GER"]
[SourceTitle "CBM 108 Extra"]
[Source "ChessBase"]
[SourceDate "2005.11.04"]
[SourceVersion "1"]
[SourceVersionDate "2005.11.04"]
[SourceQuality "1"]

1. e4 d6 2. d4 g6 3. Nf3 Bg7 4. Bc4 Nf6 5. Qe2 0-0 6. Bg5 c5 7. c3 h6 8. Bf4 Nc6 9. e5 dxe5 10. Bxe5 cxd4 11. Bxd4 Nxd4 12. Nxd4 e5 13. Nc2 Nd5 14. 0-0 Nf4 15. Qf3 Qg5 16. Ne3 Rb8 17. Nd2 b5 18. Ne4 Qe7 19. Bb3 Bb7 20. g3 Nh3+ 21. Kg2 Ng5 22. Qg4 Nxe4 23. Qxg6 Kh8 24. Qxg7+ Kxg7 25. Nf5+ Kf6 26. Nxe7 Kxe7 27. f3 Nd2 28. Rf2 Nxf3 29. Rxf3 Bxf3+ 30. Kxf3 f5 31. Rd1 Rbd8 32. Ke3 Rxd1 33. Bxd1 Rd8 34. Be2 a6 35. b3 f4+ 36. gxf4 exf4+ 37. Kxf4 Rd2 38. Bg4 Rxh2 39. a4 bxa4 40. bxa4 Rc2 41. Bc8 a5 42. Ba6 Rxc3 43. Bb5 Kf6 44. Kg4 Rc5 45. Kh4 Ke6 46. Kg4 Rxb5 0-1

[Event "NRW-ch U14"]
[Site "Kranenburg"]
[Date "2005.04.01"]
[Round "6"]
[White "Messerschmidt, Jens"]
[Black "Siccha, Nikolas"]
[Result "0-1"]
[WhiteElo "1366"]
[BlackElo "1571"]
[PlyCount "128"]
[EventDate "2005.03.28"]
[EventType "swiss"]
[EventRounds "7"]
[EventCountry "GER"]
[SourceTitle "CBM 105 Extra"]
[Source "ChessBase"]
[SourceDate "2005.05.01"]
[SourceVersion "1"]
[SourceVersionDate "2005.05.01"]
[SourceQuality "1"]

1. e4 e5 2. Nf3 Nc6 3. Bc4 Bc5 4. d3 Nf6 5. Nc3 d6 6. Bg5 h6 7. Be3 Bb6 8. h3 Be6 9. Bb3 Qe7 10. Qd2 Rd8 11. Na4 Ba5 12. Nc3 d5 13. exd5 Bxd5 14. Qe2 e4 15. Nd2 exd3 16. cxd3 0-0 17. Nxd5 Nxd5 18. Bxd5 Rxd5 19. 0-0 Bxd2 20. Qxd2 Rfd8 21. Rad1 Qd7 22. Qe2 Rxd3 23. Rxd3 Qxd3 24. Qxd3 Rxd3 25. Re1 a6 26. Re2 Nd4 27. Bxd4 Rxd4 28. Re8+ Kh7 29. Re7 Rd1+ 30. Kh2 Rd2 31. Rxc7 Rxb2 32. Rxf7 b5 33. a4 bxa4 34. Rd7 Rb6 35. Rc7 a3 36. Rc3 a2 37. Ra3 Rb2 38. Rxa6 Rxf2 39. Kg3 Rb2 40. Kf3 Kg8 41. Ra7 Kf8 42. g3 Ke8 43. h4 Kd8 44. g4 Kc8 45. g5 hxg5 46. hxg5 Kb8 47. Ra3 Kc7 48. Ke4 g6 49. Ke5 Rf2 50. Kd4 Kb6 51. Kc4 Rg2 52. Rb3+ Kc6 53. Ra3 Rg4+ 54. Kb3 Rg3+ 55. Kxa2 Rxa3+ 56. Kxa3 Kd5 57. Kb3 Ke5 58. Kc3 Kf5 59. Kd3 Kxg5 60. Ke3 Kg4 61. Ke2 Kg3 62. Kf1 g5 63. Kg1 g4 64. Kh1 Kf2 0-1

[Event "SJNR-ch U14"]
[Site "Kranenburg"]
[Date "2005.01.05"]
[Round "6"]
[White "Siccha, Nikolas"]
[Black "Michels, Rene"]
[Result "1-0"]
[WhiteElo "1341"]
[BlackElo "1075"]
[PlyCount "102"]
[EventDate "2005.01.02"]
[EventType "swiss"]
[EventRounds "7"]
[EventCountry "GER"]
[SourceTitle "EXT 2007"]
[Source "ChessBase"]
[SourceDate "2006.11.23"]
[SourceVersion "1"]
[SourceVersionDate "2006.11.23"]
[SourceQuality "1"]

1. e4 c5 2. Nf3 d6 3. Bc4 Nc6 4. d4 cxd4 5. Nxd4 Qb6 6. Nxc6 Qxc6 7. Bd5 Qb6 8. Nc3 g6 9. Bb3 Bg7 10. Qd3 Bd7 11. Be3 Qc7 12. Bd4 Bxd4 13. Qxd4 Nf6 14. Nd5 Qd8 15. 0-0 e5 16. Nxf6+ Qxf6 17. Qe3 0-0 18. Rad1 Rad8 19. Qxa7 Bc6 20. f3 Rd7 21. Qb6 Rfd8 22. Bd5 Rc8 23. c3 Bxd5 24. Rxd5 Rc6 25. Qb4 Qf4 26. Rb5 Qe3+ 27. Kh1 Qe2 28. Rg1 Rc4 29. Qb3 Rc5 30. Rxb7 Rxb7 31. Qxb7 Rb5 32. Qa8+ Kg7 33. b3 Qd2 34. c4 Ra5 35. Qb8 Rxa2 36. c5 Ra6 37. Qb7 Qd3 38. c6 Ra3 39. c7 Qd4 40. c8Q Ra1 41. Qc1 Rxc1 42. Rxc1 h6 43. Qd5 Qe3 44. Rd1 Qe2 45. Qxd6 Qc2 46. Qxe5+ Kh7 47. Qd5 Kg7 48. e5 h5 49. f4 Qf2 50. e6 fxe6 51. Qd4+ Qxd4 1-0